Tvorba makier

Na minha lista:
Detalhes bibliográficos
Autor principal: Kutej, Michal (Author)
Outros Autores: Šimna, Vladimír (Thesis advisor)
Formato: Manuscrito Livro
Idioma:eslovaco
Publicado em: 2020
Assuntos:
Acesso em linha:http://is.stuba.sk/zp/portal_zp.pl?podrobnosti=141543
Tags: Adicionar Tag
Sem tags, seja o primeiro a adicionar uma tag!

MARC

LEADER 00000ntm a22000003a 4500
001 stuzp78297
003 SK-STU
005 20200718210736.3
007 ta
008 150427s2015----xo-----f-mn---000-0-slo-d
040 |a STU  |b slo 
041 0 |a slo 
100 1 |a Kutej, Michal  |u 063000  |4 aut  |U MTF Materiálovotechnologická fakulta  |T MTF Ústav výrobných technológií  |X 91607  |U M3000  |Y 83  |7 91607 
242 0 1 |a Creating macros  |y eng 
245 1 0 |a Tvorba makier 
260 |c 2020 
650 4 |a CAM  |2 slo 
650 4 |a NC  |2 slo 
650 4 |a hyperMILL  |2 slo 
650 4 |a makrá  |2 slo 
650 4 |a macros  |2 eng 
650 4 |a CAM  |2 eng 
650 4 |a NC  |2 eng 
650 4 |a hyperMILL  |2 eng 
700 1 |a Šimna, Vladimír  |u 063200  |k Z1  |4 ths  |U MTF Ústav výrobných technológií  |T MTF Katedra obrábania a počítačovej podpory technológií  |X 30333  |U M3200  |Y 164  |7 A000030333 
856 4 |u http://is.stuba.sk/zp/portal_zp.pl?podrobnosti=141543 
996 |c M* BP-8894  |l MMSKP  |s P  |a 0  |w stuzp78297_0001